[Event "EYCC Open-U14 2019"]
[Site "Bratislava"]
[Date "2019.08.07"]
[Round "6.27"]
[White "Krupa, Miroslav"]
[Black "Jares, Michal"]
[Result "1/2-1/2"]
[WhiteElo "2114"]
[BlackElo "1974"]
[Annotator "NA"]
[PlyCount "119"]
[EventDate "2019.08.02"]
[EventType "swiss"]
[EventCountry "SVK"]
[SourceTitle "playchess.com"]
[Source "ChessBase"]
[SourceQuality "1"]
[TimeControl "40/5400+30:1800+30"]

1. e4 {[%emt 0:00:00]} c5 {[%emt 0:00:00]} 2. Nf3 {[%emt 0:00:00]} d6 {[%emt 0:00:00]} 3. d4 {[%emt 0:00:00]} cxd4 {[%emt 0:00:00]} 4. Nxd4 {[%emt 0:00:04]} Nf6 {[%emt 0:00:04]} 5. Nc3 {[%emt 0:00:06]} g6 {[%emt 0:00:15]} 6. Be3 {[%emt 0:00:10]} Bg7 {[%emt 0:00:15]} 7. f3 {[%emt 0:00:13]} O-O {[%emt 0:00:37]} 8. Qd2 {[%emt 0:00:23]} d5 {[%emt 0:01:44]} 9. O-O-O {[%emt 0:10:01]} e5 {[%emt 0:19:56]} 10. Nb3 {[%emt 0:02:19]} d4 {[%emt 0:00:15]} 11. Bh6 {[%emt 0:13:31]} Qe7 {[%emt 0:08:36]} 12. Ne2 {[%emt 0:02:00]} a5 {[%emt 0:09:47]} 13. Kb1 {[%emt 0:00:26]} Be6 {[%emt 0:05:59]} 14. Nbc1 {[%emt 0:07:51]} Rc8 {[%emt 0:06:46]} 15. h4 {[%emt 0:13:01]} Na6 {[%emt 0:07:44]} 16. h5 {[%emt 0:08:44]} Nb4 {[%emt 0:06:13]} 17. Bxg7 {[%emt 0:02:49]} Kxg7 {[%emt 0:00:47]} 18. hxg6 {[%emt 0:06:56]} fxg6 {[%emt 0:00:20]} 19. c3 {[%emt 0:00:16]} dxc3 {[%emt 0:03:44]} 20. Nxc3 {[%emt 0:00:20]} Qf7 {[%emt 0:06:52]} 21. Bb5 {[%emt 0:10:38]} a4 {[%emt 0:05:21]} 22. a3 {[%emt 0:13:59]} Nc6 {[%emt 0:00:50]} 23. Bxc6 {[%emt 0:00:32]} Rxc6 {[%emt 0:00:20]} 24. Nd3 {[%emt 0:01:06]} Qc7 {[%emt 0:03:46]} 25. Nb4 {[%emt 0:02:09]} Rc4 {[%emt 0:02:44]} 26. Qd6 {[%emt 0:02:08]} Qxd6 {[%emt 0:02:58]} 27. Rxd6 {[%emt 0:00:04]} Bf7 {[%emt 0:01:23]} 28. Rhd1 {[%emt 0:03:18]} Rc5 {[%emt 0:03:35]} 29. Rb6 {[%emt 0:00:20]} Rac8 {[%emt 0:02:22]} 30. Nxa4 {[%emt 0:00:57]} R5c7 {[%emt 0:01:04]} 31. Nc3 {[%emt 0:00:06]} Nd7 {[%emt 0:00:37]} 32. Rbd6 {[%emt 0:00:15]} Nc5 {[%emt 0:00:29]} 33. Ncd5 {[%emt 0:00:58]} Bxd5 {[%emt 0:00:27]} 34. Nxd5 {[%emt 0:00:09]} Rc6 {[%emt 0:00:33]} 35. Nb6 {[%emt 0:01:00]} Rxd6 {[%emt 0:00:29]} 36. Rxd6 {[%emt 0:00:06]} Rc7 {[%emt 0:00:34]} 37. b4 {[%emt 0:00:41]} Nb3 {[%emt 0:00:28]} 38. Kb2 {[%emt 0:00:51]} Nd4 {[%emt 0:00:22]} 39. Rd7+ {[%emt 0:00:08]} Rxd7 {[%emt 0:00:19]} 40. Nxd7 {[%emt 0:00:00]} Ne2 {[%emt 0:00:00]} 41. Nxe5 {[%emt 0:00:28]} Nf4 {[%emt 0:03:52]} 42. g3 {[%emt 0:12:20]} Ne2 {[%emt 0:00:33]} 43. g4 {[%emt 0:00:07]} h5 {[%emt 0:02:39]} 44. gxh5 {[%emt 0:05:40]} gxh5 {[%emt 0:00:02]} 45. a4 {[%emt 0:01:02]} Kf6 {[%emt 0:03:34]} 46. Nd3 {[%emt 0:00:09]} Ke7 {[%emt 0:05:03]} 47. a5 {[%emt 0:01:44]} Kd7 {[%emt 0:01:47]} 48. f4 {[%emt 0:07:36]} h4 {[%emt 0:01:39]} 49. f5 {[%emt 0:01:31]} h3 {[%emt 0:02:40]} 50. Ne5+ {[%emt 0:00:24]} Kd8 {[%emt 0:04:56]} 51. Ng4 {[%emt 0:00:36]} Ng3 {[%emt 0:01:30]} 52. Kc3 {[%emt 0:01:51]} Nxe4+ {[%emt 0:01:06]} 53. Kd4 {[%emt 0:00:09]} Nf6 {[%emt 0:01:29]} 54. Nh2 {[%emt 0:00:24]} Kd7 {[%emt 0:02:56]} 55. Kc5 {[%emt 0:01:55]} Kc7 {[%emt 0:01:37]} 56. b5 {[%emt 0:00:29]} b6+ {[%emt 0:01:17]} 57. axb6+ {[%emt 0:00:33]} Kb7 {[%emt 0:00:15]} 58. Nf3 {[%emt 0:01:31]} Nh5 {[%emt 0:01:50]} 59. Nh2 {[%emt 0:00:49]} Ng3 {[%emt 0:00:59]} 60. Kd4 1/2-1/2

[Event "EYCC Open-U14 2019"]
[Site "Bratislava"]
[Date "2019.08.07"]
[Round "6.28"]
[White "Ochedzan, Tymon"]
[Black "Wernberg, Hugo"]
[Result "1/2-1/2"]
[WhiteElo "2037"]
[BlackElo "1963"]
[Annotator "NA"]
[PlyCount "99"]
[EventDate "2019.08.02"]
[EventType "swiss"]
[EventCountry "SVK"]
[SourceTitle "playchess.com"]
[Source "ChessBase"]
[SourceQuality "1"]
[TimeControl "40/5400+30:1800+30"]

1. e4 {[%emt 0:00:00]} c5 {[%emt 0:00:00]} 2. Nf3 {[%emt 0:00:00]} d6 {[%emt 0:00:00]} 3. d4 {[%emt 0:00:00]} cxd4 {[%emt 0:00:00]} 4. Nxd4 {[%emt 0:00:00]} Nf6 {[%emt 0:00:00]} 5. Nc3 {[%emt 0:00:38]} a6 {[%emt 0:00:02]} 6. Bg5 {[%emt 0:00:52]} Nbd7 {[%emt 0:00:11]} 7. a4 {[%emt 0:01:53]} g6 {[%emt 0:00:19]} 8. a5 {[%emt 0:12:37]} Bg7 {[%emt 0:00:16]} 9. Nb3 {[%emt 0:02:17]} O-O {[%emt 0:02:58]} 10. Be2 {[%emt 0:01:21]} h6 {[%emt 0:04:21]} 11. Be3 {[%emt 0:02:00]} Ne5 {[%emt 0:01:50]} 12. O-O {[%emt 0:07:37]} Be6 {[%emt 0:02:52]} 13. Bb6 {[%emt 0:09:49]} Qd7 {[%emt 0:03:52]} 14. f4 {[%emt 0:02:46]} Nc6 {[%emt 0:04:22]} 15. h3 {[%emt 0:03:25]} g5 {[%emt 0:09:16]} 16. f5 {[%emt 0:04:10]} Bxb3 {[%emt 0:02:40]} 17. cxb3 {[%emt 0:01:53]} Ne8 {[%emt 0:11:43]} 18. Qd2 {[%emt 0:02:53]} Be5 {[%emt 0:04:16]} 19. Nd5 {[%emt 0:03:51]} Nf6 {[%emt 0:02:49]} 20. Nxf6+ {[%emt 0:01:40]} Bxf6 {[%emt 0:01:37]} 21. b4 {[%emt 0:02:32]} Ne5 {[%emt 0:02:46]} 22. Rfc1 {[%emt 0:09:53]} Rfc8 {[%emt 0:01:17]} 23. Kh1 {[%emt 0:06:45]} Rxc1+ {[%emt 0:03:22]} 24. Rxc1 {[%emt 0:00:21]} Rc8 {[%emt 0:00:09]} 25. Rc2 {[%emt 0:03:46]} Rc6 {[%emt 0:02:43]} 26. Qc1 {[%emt 0:02:13]} Kg7 {[%emt 0:07:25]} 27. b3 {[%emt 0:05:11]} Qc8 {[%emt 0:03:05]} 28. Rxc6 {[%emt 0:00:41]} Qxc6 {[%emt 0:00:10]} 29. Qxc6 {[%emt 0:00:55]} Nxc6 {[%emt 0:00:09]} 30. b5 {[%emt 0:00:46]} Nb4 {[%emt 0:01:11]} 31. bxa6 {[%emt 0:02:42]} bxa6 {[%emt 0:00:14]} 32. Bc4 {[%emt 0:02:01]} Bc3 {[%emt 0:03:39]} 33. Kg1 {[%emt 0:00:50]} Nc6 {[%emt 0:01:55]} 34. Bxa6 {[%emt 0:01:02]} Nxa5 {[%emt 0:00:29]} 35. Bc4 {[%emt 0:01:27]} Nxc4 {[%emt 0:02:22]} 36. bxc4 {[%emt 0:00:03]} Kf6 {[%emt 0:06:04]} 37. Bd8 {[%emt 0:01:31]} Ke5 {[%emt 0:03:35]} 38. Bxe7 {[%emt 0:00:23]} Kxe4 {[%emt 0:03:16]} 39. Bxd6 {[%emt 0:01:54]} Kxf5 {[%emt 0:00:12]} 40. g4+ {[%emt 0:00:00]} Ke4 {[%emt 0:00:00]} 41. Kg2 {[%emt 0:07:56]} f5 {[%emt 0:11:17]} 42. c5 {[%emt 0:03:38]} fxg4 {[%emt 0:01:59]} 43. hxg4 {[%emt 0:00:28]} Kd5 {[%emt 0:01:27]} 44. Bf8 {[%emt 0:00:52]} Bd4 {[%emt 0:00:22]} 45. Kf3 {[%emt 0:00:45]} Bg1 {[%emt 0:00:38]} 46. Bxh6 {[%emt 0:01:21]} Bxc5 {[%emt 0:00:15]} 47. Bxg5 {[%emt 0:00:06]} Ke6 {[%emt 0:00:17]} 48. Ke4 {[%emt 0:00:09]} Bb4 {[%emt 0:00:36]} 49. Be3 {[%emt 0:00:42]} Kf6 {[%emt 0:00:36]} 50. Bd4+ {[%emt 0:00:00] Ke5+} 1/2-1/2

[Event "EYCC Open-U14 2019"]
[Site "Bratislava"]
[Date "2019.08.07"]
[Round "6.29"]
[White "Grigoryan, Aram"]
[Black "Popov, Maksim M."]
[Result "1-0"]
[WhiteElo "1947"]
[BlackElo "2152"]
[Annotator "NA"]
[PlyCount "69"]
[EventDate "2019.08.02"]
[EventType "swiss"]
[EventCountry "SVK"]
[SourceTitle "playchess.com"]
[Source "ChessBase"]
[SourceQuality "1"]
[TimeControl "40/5400+30:1800+30"]

1. d4 {[%emt 0:00:55]} e6 {[%emt 0:00:00]} 2. c4 {[%emt 0:00:05]} Nf6 {[%emt 0:00:00]} 3. Nc3 {[%emt 0:00:07]} Bb4 {[%emt 0:00:09]} 4. e3 {[%emt 0:00:39]} O-O {[%emt 0:00:09]} 5. Bd3 {[%emt 0:00:48]} b6 {[%emt 0:01:56]} 6. Bd2 {[%emt 0:02:30]} Bb7 {[%emt 0:00:09]} 7. Nf3 {[%emt 0:00:04]} c5 {[%emt 0:01:01]} 8. O-O {[%emt 0:04:52]} cxd4 {[%emt 0:00:27]} 9. exd4 {[%emt 0:00:50]} d5 {[%emt 0:04:19]} 10. cxd5 {[%emt 0:04:40]} Bxc3 {[%emt 0:00:48]} 11. bxc3 {[%emt 0:01:07]} Nxd5 {[%emt 0:00:13]} 12. Qe2 {[%emt 0:03:57]} Nc6 {[%emt 0:07:40]} 13. Qe4 {[%emt 0:09:43]} Nf6 {[%emt 0:00:09]} 14. Qh4 {[%emt 0:00:08]} Ne7 {[%emt 0:00:15]} 15. Bg5 {[%emt 0:01:40]} Ng6 {[%emt 0:00:45]} 16. Qg3 {[%emt 0:00:53]} Rc8 {[%emt 0:15:34]} 17. Rac1 {[%emt 0:03:22]} Bxf3 {[%emt 0:08:23]} 18. Qxf3 {[%emt 0:05:49]} Qd5 {[%emt 0:07:31]} 19. Qe3 {[%emt 0:08:31]} Qxa2 {[%emt 0:09:27]} 20. h4 Nd5 {[%emt 0:00:46]} 21. Qg3 {[%emt 0:15:48]} f6 {[%emt 0:08:23]} 22. Bh6 {[%emt 0:05:51]} Rf7 {[%emt 0:01:01]} 23. c4 {[%emt 0:13:41]} Nde7 {[%emt 0:00:11]} 24. h5 {[%emt 0:03:32]} Nf8 {[%emt 0:00:24]} 25. Bf4 {[%emt 0:00:30]} Nf5 {[%emt 0:00:26]} 26. Bxf5 {[%emt 0:00:07]} exf5 {[%emt 0:00:05]} 27. Qd3 {[%emt 0:00:53]} Qa6 {[%emt 0:02:04]} 28. d5 {[%emt 0:02:08]} Qa4 {[%emt 0:01:00]} 29. Qxf5 {[%emt 0:01:05]} Rxc4 {[%emt 0:00:12]} 30. Rxc4 {[%emt 0:00:02]} Qxc4 {[%emt 0:00:06]} 31. Rc1 {[%emt 0:00:04]} Qb5 {[%emt 0:00:46]} 32. Rc8 {[%emt 0:01:13]} Qd7 {[%emt 0:00:14]} 33. Qe6 {[%emt 0:00:14]} Qa4 {[%emt 0:07:41]} 34. Rxf8+ {[%emt 0:02:03]} Kxf8 {[%emt 0:00:05]} 35. Bd6+ {[%emt 0:00:03]} 1-0

[Event "EYCC Open-U14 2019"]
[Site "Bratislava"]
[Date "2019.08.07"]
[Round "6.30"]
[White "Hak, David"]
[Black "Kalosha, Zhiulien Oleksii"]
[Result "1/2-1/2"]
[WhiteElo "2012"]
[BlackElo "1936"]
[Annotator "NA"]
[PlyCount "128"]
[EventDate "2019.08.02"]
[EventType "swiss"]
[EventCountry "SVK"]
[SourceTitle "playchess.com"]
[Source "ChessBase"]
[SourceQuality "1"]
[TimeControl "40/5400+30:1800+30"]

1. e4 {[%emt 0:00:00]} e5 {[%emt 0:00:00]} 2. Nf3 {[%emt 0:00:00]} Nc6 {[%emt 0:00:00]} 3. d4 {[%emt 0:00:00]} exd4 {[%emt 0:00:00]} 4. Nxd4 {[%emt 0:00:00]} Bc5 {[%emt 0:00:10]} 5. Nb3 {[%emt 0:00:00]} Bb6 {[%emt 0:00:12]} 6. a4 {[%emt 0:00:09]} a6 {[%emt 0:00:13]} 7. Nc3 {[%emt 0:00:20]} d6 {[%emt 0:00:32]} 8. Bd3 {[%emt 0:03:34]} Nge7 {[%emt 0:00:38]} 9. Qe2 {[%emt 0:10:59]} Be6 {[%emt 0:02:39]} 10. Nd5 {[%emt 0:07:56]} Bxd5 {[%emt 0:04:37]} 11. exd5 {[%emt 0:00:07]} Ne5 {[%emt 0:00:10]} 12. c4 {[%emt 0:07:08]} Nxd3+ {[%emt 0:02:14]} 13. Qxd3 {[%emt 0:00:07]} O-O {[%emt 0:01:09]} 14. O-O {[%emt 0:02:00]} Ng6 {[%emt 0:01:24]} 15. Nd2 {[%emt 0:14:55]} Ne5 {[%emt 0:03:22]} 16. Qg3 {[%emt 0:06:21]} Qd7 {[%emt 0:07:30]} 17. b3 {[%emt 0:08:18]} Bd4 {[%emt 0:02:29]} 18. Rb1 {[%emt 0:05:05]} Qf5 {[%emt 0:00:39]} 19. Bb2 {[%emt 0:05:29]} Bxb2 {[%emt 0:00:46]} 20. Rxb2 {[%emt 0:00:01]} Nd3 {[%emt 0:00:37]} 21. Rbb1 {[%emt 0:00:39]} Rae8 {[%emt 0:01:11]} 22. Nf3 {[%emt 0:07:37]} Re7 {[%emt 0:05:51]} 23. Rbd1 {[%emt 0:09:38]} Nf4 {[%emt 0:03:57]} 24. Nd4 {[%emt 0:01:25]} Qe4 {[%emt 0:01:22]} 25. f3 {[%emt 0:06:01]} Qxd4+ {[%emt 0:01:21]} 26. Rxd4 {[%emt 0:00:04]} Ne2+ {[%emt 0:00:05]} 27. Kf2 {[%emt 0:00:10]} Nxg3 {[%emt 0:00:06]} 28. hxg3 {[%emt 0:00:48]} Rfe8 {[%emt 0:00:09]} 29. Rd2 {[%emt 0:00:37]} Re3 {[%emt 0:03:32]} 30. Rb1 {[%emt 0:00:56]} Rc3 {[%emt 0:05:39]} 31. Rbb2 {[%emt 0:01:06]} f5 {[%emt 0:09:20]} 32. Re2 {[%emt 0:00:59]} Rxe2+ {[%emt 0:02:09]} 33. Kxe2 {[%emt 0:00:02]} Rc1 {[%emt 0:00:13]} 34. Kd2 {[%emt 0:01:23]} Rg1 {[%emt 0:00:37]} 35. Kc3 {[%emt 0:00:51]} Kf7 {[%emt 0:00:38]} 36. b4 {[%emt 0:01:38]} Ra1 {[%emt 0:01:09]} 37. Kb3 {[%emt 0:01:14]} g5 {[%emt 0:01:18]} 38. b5 {[%emt 0:00:36]} Kf6 {[%emt 0:22:12]} 39. b6 {[%emt 0:00:29]} cxb6 {[%emt 0:01:01]} 40. Re2 {[%emt 0:00:00]} Rb1+ {[%emt 0:00:00]} 41. Kc3 {[%emt 0:07:34]} Rc1+ {[%emt 0:01:00]} 42. Kd3 {[%emt 0:02:29]} Rd1+ {[%emt 0:00:09]} 43. Kc2 {[%emt 0:03:38]} Rg1 {[%emt 0:00:52]} 44. f4 {[%emt 0:07:48]} g4 {[%emt 0:04:44]} 45. Re6+ {[%emt 0:04:33]} Kf7 {[%emt 0:00:15]} 46. Rxd6 {[%emt 0:02:53]} Rxg2+ {[%emt 0:00:08]} 47. Kd1 {[%emt 0:00:15]} Rxg3 {[%emt 0:00:38]} 48. Rxb6 {[%emt 0:00:23]} Rf3 {[%emt 0:00:52]} 49. Rxb7+ {[%emt 0:00:15]} Kf6 {[%emt 0:02:42]} 50. Rb6+ {[%emt 0:02:53]} Kf7 {[%emt 0:00:35]} 51. Rb7+ {[%emt 0:00:40]} Ke8 {[%emt 0:04:51]} 52. Rb8+ {[%emt 0:01:56]} Kd7 {[%emt 0:00:36]} 53. Rb7+ {[%emt 0:00:35]} Kc8 {[%emt 0:00:28]} 54. Rxh7 {[%emt 0:00:15]} Rxf4 {[%emt 0:00:15]} 55. Rh5 {[%emt 0:01:21]} Kd7 {[%emt 0:04:25]} 56. Ke2 {[%emt 0:00:34]} g3 {[%emt 0:07:34]} 57. Rg5 {[%emt 0:00:45]} Rf2+ {[%emt 0:02:00]} 58. Ke1 {[%emt 0:00:12]} f4 {[%emt 0:00:10]} 59. c5 {[%emt 0:00:41]} Rc2 {[%emt 0:01:03]} 60. Rg7+ {[%emt 0:00:09]} Kd8 {[%emt 0:00:36]} 61. Rg8+ {[%emt 0:00:11]} Ke7 {[%emt 0:04:17]} 62. d6+ {[%emt 0:00:12]} Kd7 {[%emt 0:02:08]} 63. Rg7+ {[%emt 0:00:15]} Kd8 {[%emt 0:01:12]} 64. Rg8+ {[%emt 0:00:18]} Kd7 {[%emt 0:00:06]} 1/2-1/2

[Event "EYCC Open-U14 2019"]
[Site "Bratislava"]
[Date "2019.08.07"]
[Round "6.31"]
[White "Talibov, Shiroghlan"]
[Black "Cappelletto, Joshuaede"]
[Result "1-0"]
[WhiteElo "1882"]
[BlackElo "2138"]
[Annotator "NA"]
[PlyCount "87"]
[EventDate "2019.08.02"]
[EventType "swiss"]
[EventCountry "SVK"]
[SourceTitle "playchess.com"]
[Source "ChessBase"]
[SourceQuality "1"]
[TimeControl "40/5400+30:1800+30"]

1. c4 {[%emt 0:00:00]} c5 {[%emt 0:00:00]} 2. Nc3 {[%emt 0:00:00]} Nc6 {[%emt 0:00:00]} 3. Nf3 {[%emt 0:00:00]} g6 {[%emt 0:00:00]} 4. e3 {[%emt 0:00:19]} Nf6 {[%emt 0:06:43]} 5. d4 cxd4 {[%emt 0:05:42]} 6. exd4 {[%emt 0:01:37]} Bg7 {[%emt 0:00:19]} 7. d5 {[%emt 0:02:41]} Nb8 {[%emt 0:00:08]} 8. Be2 {[%emt 0:01:33]} d6 {[%emt 0:00:18]} 9. O-O {[%emt 0:00:17]} O-O {[%emt 0:00:06]} 10. h3 {[%emt 0:00:30]} Nbd7 {[%emt 0:04:18]} 11. Be3 {[%emt 0:01:42]} a5 {[%emt 0:08:19]} 12. Re1 {[%emt 0:02:02]} Nc5 {[%emt 0:01:56]} 13. Bd4 {[%emt 0:01:45]} Bd7 {[%emt 0:01:45]} 14. Bf1 {[%emt 0:00:52]} Re8 {[%emt 0:01:24]} 15. Ne5 {[%emt 0:07:56]} Qc8 {[%emt 0:15:19]} 16. Nxd7 {[%emt 0:04:22]} Qxd7 {[%emt 0:02:13]} 17. Qf3 {[%emt 0:01:21]} Rac8 {[%emt 0:04:52]} 18. Rad1 {[%emt 0:03:36]} Qd8 {[%emt 0:05:51]} 19. b3 {[%emt 0:08:38]} Nfd7 {[%emt 0:02:06]} 20. Bxg7 {[%emt 0:03:30]} Kxg7 {[%emt 0:00:11]} 21. Ne4 {[%emt 0:01:07]} Nxe4 {[%emt 0:04:25]} 22. Rxe4 {[%emt 0:04:04]} Nf6 {[%emt 0:04:06]} 23. Re3 {[%emt 0:04:36]} Qb6 {[%emt 0:04:06]} 24. Rde1 {[%emt 0:01:08]} Rc7 {[%emt 0:00:13]} 25. Bd3 {[%emt 0:01:41]} Qd4 {[%emt 0:02:53]} 26. a4 {[%emt 0:03:33]} Nd7 {[%emt 0:06:52]} 27. Bb1 {[%emt 0:03:36]} Nc5 {[%emt 0:02:25]} 28. Qe2 {[%emt 0:03:53]} Na6 {[%emt 0:04:58]} 29. Re4 {[%emt 0:02:35]} Qc3 {[%emt 0:01:16]} 30. Re3 {[%emt 0:00:49]} Qb4 {[%emt 0:00:10]} 31. f4 {[%emt 0:00:44]} Nc5 {[%emt 0:01:04]} 32. f5 {[%emt 0:01:21]} Qb6 {[%emt 0:08:43]} 33. Kh1 {[%emt 0:01:26]} e5 {[%emt 0:03:09]} 34. dxe6 {[%emt 0:03:48]} fxe6 {[%emt 0:00:06]} 35. fxe6 {[%emt 0:00:20]} Rce7 {[%emt 0:00:05]} 36. Qb2+ {[%emt 0:00:26]} Kg8 {[%emt 0:00:07]} 37. Qf6 {[%emt 0:00:38]} Qd8 {[%emt 0:01:17]} 38. Kh2 {[%emt 0:00:58]} Qc8 {[%emt 0:00:22]} 39. Bf5 {[%emt 0:01:31]} Qc7 {[%emt 0:00:31]} 40. Bxg6 {[%emt 0:00:00]} hxg6 41. Qxg6+ {[%emt 0:01:24]} Kh8 {[%emt 0:01:01]} 42. Qh5+ {[%emt 0:00:07]} Kg7 {[%emt 0:00:46]} 43. Rg3+ {[%emt 0:00:07]} Kf8 {[%emt 0:00:25]} 44. Qh8# {[%emt 0:00:06]} 1-0

[Event "EYCC Open-U14 2019"]
[Site "Bratislava"]
[Date "2019.08.07"]
[Round "6.32"]
[White "Fardet, Elouan"]
[Black "Andrijashkin, Deniss"]
[Result "0-1"]
[WhiteElo "2047"]
[BlackElo "1862"]
[Annotator "NA"]
[PlyCount "100"]
[EventDate "2019.08.02"]
[EventType "swiss"]
[EventCountry "SVK"]
[SourceTitle "playchess.com"]
[Source "ChessBase"]
[SourceQuality "1"]
[TimeControl "40/5400+30:1800+30"]

1. e4 {[%emt 0:00:00]} e5 {[%emt 0:00:00]} 2. Nf3 {[%emt 0:00:00]} Nc6 {[%emt 0:00:00]} 3. Bb5 {[%emt 0:00:00]} a6 {[%emt 0:00:05]} 4. Ba4 {[%emt 0:00:00]} g6 {[%emt 0:00:06]} 5. c3 {[%emt 0:00:01]} Bg7 {[%emt 0:05:41]} 6. d4 {[%emt 0:00:14]} exd4 {[%emt 0:01:57]} 7. cxd4 {[%emt 0:00:06]} Nge7 {[%emt 0:03:29]} 8. d5 {[%emt 0:01:07]} Na5 {[%emt 0:00:15]} 9. Bd2 {[%emt 0:00:15]} Nc4 {[%emt 0:03:58]} 10. Bc3 {[%emt 0:01:16]} Bxc3+ {[%emt 0:04:24]} 11. Nxc3 {[%emt 0:00:10]} b5 {[%emt 0:00:52]} 12. Bc2 {[%emt 0:01:12]} d6 {[%emt 0:04:28]} 13. b3 {[%emt 0:07:50]} Ne5 {[%emt 0:00:52]} 14. Nd4 {[%emt 0:04:18]} O-O {[%emt 0:06:15]} 15. O-O {[%emt 0:02:53]} f5 {[%emt 0:04:31]} 16. exf5 {[%emt 0:10:22]} Nxf5 {[%emt 0:00:18]} 17. Nxf5 {[%emt 0:01:26]} Bxf5 {[%emt 0:00:35]} 18. Bxf5 {[%emt 0:00:28]} Rxf5 {[%emt 0:04:00]} 19. Rc1 {[%emt 0:04:16]} Qh4 {[%emt 0:02:56]} 20. f3 {[%emt 0:12:13]} Raf8 {[%emt 0:02:30]} 21. Qe1 {[%emt 0:04:44]} Qh6 {[%emt 0:15:11]} 22. Rc2 {[%emt 0:09:46]} Ng4 {[%emt 0:07:50]} 23. fxg4 {[%emt 0:07:08]} Rxf1+ {[%emt 0:00:05]} 24. Qxf1 {[%emt 0:00:06]} Rxf1+ {[%emt 0:00:04]} 25. Kxf1 {[%emt 0:00:07]} Qf4+ {[%emt 0:00:37]} 26. Ke1 {[%emt 0:01:29]} Qxg4 {[%emt 0:02:39]} 27. Rd2 {[%emt 0:01:39]} b4 {[%emt 0:00:44]} 28. Na4 {[%emt 0:00:09]} Qe4+ {[%emt 0:01:43]} 29. Kd1 {[%emt 0:00:21]} Qb1+ {[%emt 0:01:03]} 30. Ke2 {[%emt 0:00:07]} Qg1 {[%emt 0:00:10]} 31. Nb2 {[%emt 0:00:36]} Qxg2+ {[%emt 0:00:14]} 32. Kd1 {[%emt 0:00:06]} Qf3+ {[%emt 0:00:34]} 33. Kc1 {[%emt 0:00:11]} h5 {[%emt 0:00:22]} 34. Nd1 {[%emt 0:01:27]} g5 {[%emt 0:00:39]} 35. Nf2 {[%emt 0:00:28]} g4 {[%emt 0:00:20]} 36. Nd3 {[%emt 0:00:40]} h4 {[%emt 0:00:47]} 37. Kc2 {[%emt 0:00:59]} g3 {[%emt 0:01:03]} 38. hxg3 {[%emt 0:00:05]} Qxg3 {[%emt 0:00:33]} 39. Nxb4 {[%emt 0:01:03]} h3 {[%emt 0:00:38]} 40. Nd3 {[%emt 0:00:00]} h2 {[%emt 0:00:00]} 41. Nf2 {[%emt 0:00:07]} Qxf2 {[%emt 0:01:43]} 42. Rxf2 {[%emt 0:00:06]} h1=Q {[%emt 0:00:05]} 43. Rd2 {[%emt 0:00:06]} Qe4+ {[%emt 0:00:05]} 44. Kb2 {[%emt 0:00:04]} Kf7 {[%emt 0:00:58]} 45. Kc1 Kf6 {[%emt 0:00:37]} 46. Kd1 {[%emt 0:00:12]} Qb1+ {[%emt 0:00:20]} 47. Ke2 {[%emt 0:00:04]} Ke5 {[%emt 0:00:11]} 48. Kf2 {[%emt 0:00:11]} Ke4 {[%emt 0:01:12]} 49. Ke2 {[%emt 0:00:08]} Qg1 {[%emt 0:00:57]} 50. b4 {[%emt 0:00:22]} Qb1 {[%emt 0:00:21]} 0-1

[Event "EYCC Open-U14 2019"]
[Site "Bratislava"]
[Date "2019.08.07"]
[Round "6.33"]
[White "Kristoferitsch, Daniel"]
[Black "Backiel, Hubert"]
[Result "1-0"]
[WhiteElo "2108"]
[BlackElo "1748"]
[Annotator "NA"]
[PlyCount "75"]
[EventDate "2019.08.02"]
[EventType "swiss"]
[EventCountry "SVK"]
[SourceTitle "playchess.com"]
[Source "ChessBase"]
[SourceQuality "1"]
[TimeControl "40/5400+30:1800+30"]

1. e4 {[%emt 0:00:00]} c5 {[%emt 0:00:18]} 2. Nf3 {[%emt 0:00:00]} Nc6 {[%emt 0:00:08]} 3. d4 {[%emt 0:00:00]} cxd4 {[%emt 0:00:10]} 4. Nxd4 {[%emt 0:00:00]} Nf6 {[%emt 0:00:14]} 5. Nc3 {[%emt 0:00:00]} e5 {[%emt 0:00:07]} 6. Ndb5 {[%emt 0:00:02]} d6 {[%emt 0:00:07]} 7. Bg5 {[%emt 0:00:09]} a6 {[%emt 0:00:10]} 8. Na3 {[%emt 0:00:06]} b5 {[%emt 0:00:20]} 9. Nd5 {[%emt 0:00:15]} Be7 {[%emt 0:00:26]} 10. Bxf6 {[%emt 0:00:07]} Bxf6 {[%emt 0:01:13]} 11. c3 {[%emt 0:00:10]} Bg5 {[%emt 0:01:19]} 12. Nc2 {[%emt 0:00:10]} O-O {[%emt 0:01:20]} 13. a4 {[%emt 0:00:14]} Rb8 {[%emt 0:03:46]} 14. axb5 {[%emt 0:19:41]} axb5 {[%emt 0:02:03]} 15. Bd3 {[%emt 0:00:32]} g6 {[%emt 0:10:13]} 16. Qe2 {[%emt 0:14:22]} Be6 {[%emt 0:08:44]} 17. Bxb5 {[%emt 0:06:38]} Bxd5 {[%emt 0:02:20]} 18. exd5 {[%emt 0:00:07]} Ne7 {[%emt 0:00:26]} 19. c4 {[%emt 0:04:12]} f5 {[%emt 0:02:38]} 20. O-O {[%emt 0:02:11]} f4 {[%emt 0:02:44]} 21. Qe4 {[%emt 0:04:04]} Nf5 {[%emt 0:28:40]} 22. b4 {[%emt 0:13:06]} Qc8 {[%emt 0:14:11]} 23. Ra7 {[%emt 0:03:38]} Rxb5 {[%emt 0:13:49]} 24. cxb5 {[%emt 0:01:00]} f3 {[%emt 0:00:14]} 25. Kh1 {[%emt 0:20:48]} fxg2+ {[%emt 0:02:14]} 26. Qxg2 {[%emt 0:00:12]} Bf4 {[%emt 0:03:41]} 27. Qh3 {[%emt 0:04:24]} h6 {[%emt 0:01:21]} 28. Qd3 {[%emt 0:05:25]} Qb8 {[%emt 0:00:32]} 29. Ra3 {[%emt 0:00:35]} Re8 {[%emt 0:00:27]} 30. Rg1 {[%emt 0:00:16]} Kh7 {[%emt 0:00:24]} 31. Ne3 {[%emt 0:00:27]} e4 {[%emt 0:00:19]} 32. Qe2 {[%emt 0:00:20]} Bxe3 {[%emt 0:00:42]} 33. fxe3 {[%emt 0:00:12]} Re7 {[%emt 0:00:24]} 34. Qg4 {[%emt 0:00:15]} Qe8 {[%emt 0:00:32]} 35. b6 {[%emt 0:00:27]} Qf7 {[%emt 0:00:24]} 36. Ra7 {[%emt 0:00:54]} Kh8 {[%emt 0:00:49]} 37. Qxg6 {[%emt 0:00:52]} Qxd5 {[%emt 0:00:29]} 38. Rxe7 {[%emt 0:00:36]} 1-0